[Event "GBR-ch110 Over 50"]
[Site "Hull"]
[Date "2024.07.31"]
[Round "3.5"]
[White "Dougherty, Michael"]
[Black "Wheeler, James M"]
[Result "1-0"]
[WhiteElo "2112"]
[BlackElo "1881"]
[PlyCount "99"]
[EventDate "2024.07.29"]
[EventType "swiss"]
[EventRounds "7"]
[EventCountry "GBR"]
[SourceTitle "BritBase"]
[Source "John Saunders"]
[SourceDate "2025.02.19"]
[SourceVersion "1"]
[SourceVersionDate "2025.02.19"]
[SourceQuality "1"]

1. Nf3 e6 2. d4 f5 3. Bg5 Be7 4. Bxe7 Qxe7 5. g3 Nf6 6. Bg2 O-O 7. O-O d5 8. c4 c6 9. Nbd2 Nbd7 10. Qc2 Ne4 11. Ne5 Nxe5 12. dxe5 Bd7 13. Nb3 Rac8 14. f3 Ng5 15. f4 Nf7 16. c5 g5 17. e3 Kg7 18. Nd4 h5 19. b4 Rh8 20. h3 g4 21. hxg4 hxg4 22. Kf2 Rh2 23. Rh1 Rch8 24. Rxh2 Rxh2 25. a4 Nd8 26. b5 Qe8 27. Qb2 Kg6 28. Rh1 Rxh1 29. Bxh1 Qe7 30. Qc3 Be8 31. Bg2 Qc7 32. Bf1 Kf7 33. Bd3 Kg6 34. Qb4 Qh7 35. Bf1 Qc7 36. b6 Qb8 37. a5 a6 38. Bd3 Bd7 39. Qb1 Nf7 40. Qd1 Nh6 41. Qh1 Nf7 42. Qh4 Qd8 43. Qxg4+ Kh7 44. Qh5+ Nh6 45. g4 Kg7 46. gxf5 Nxf5 47. Bxf5 exf5 48. e6 Be8 49. Nxf5+ Kg8 50. e7 1-0

[Event "GBR-ch110 Over 50"]
[Site "Hull"]
[Date "2024.07.31"]
[Round "3.6"]
[White "Regan, Natasha K"]
[Black "Farrell, Neil R"]
[Result "0-1"]
[WhiteElo "2015"]
[BlackElo "2099"]
[PlyCount "68"]
[EventDate "2024.07.29"]
[EventType "swiss"]
[EventRounds "7"]
[EventCountry "GBR"]
[SourceTitle "BritBase"]
[Source "John Saunders"]
[SourceDate "2025.02.19"]
[SourceVersion "1"]
[SourceVersionDate "2025.02.19"]
[SourceQuality "1"]

1. Nf3 d5 2. c4 e6 3. b3 Nf6 4. g3 Be7 5. Bg2 O-O 6. O-O d4 7. e3 c5 8. a3 a5 9. exd4 cxd4 10. Ne5 Nbd7 11. Re1 Nxe5 12. Rxe5 Bd6 13. Rb5 Qc7 14. Ra2 Ra7 15. d3 Bd7 16. Nd2 Bxb5 17. cxb5 Nd5 18. Nc4 Nc3 19. Qg4 Nxb5 20. a4 Nc3 21. Qxd4 Nxa2 22. Bb2 f6 23. Qxa7 b5 24. Qxc7 Bxc7 25. axb5 Rb8 26. Bc6 Nb4 27. Bd7 Kf7 28. Bd4 Ke7 29. b6 Kxd7 30. bxc7 Kxc7 31. Nxa5 Nxd3 32. Kf1 Rb5 33. Bc3 Nc1 34. b4 Na2 0-1

[Event "GBR-ch110 Over 50"]
[Site "Hull"]
[Date "2024.07.31"]
[Round "3.7"]
[White "Minnican, Alan"]
[Black "Handley, Michael R"]
[Result "1/2-1/2"]
[WhiteElo "2081"]
[BlackElo "2007"]
[PlyCount "37"]
[EventDate "2024.07.29"]
[EventType "swiss"]
[EventRounds "7"]
[EventCountry "GBR"]
[SourceTitle "BritBase"]
[Source "John Saunders"]
[SourceDate "2025.02.19"]
[SourceVersion "1"]
[SourceVersionDate "2025.02.19"]
[SourceQuality "1"]

1. c4 e5 2. g3 Nf6 3. Bg2 d5 4. cxd5 Nxd5 5. Nf3 Nc6 6. Nc3 Nb6 7. O-O Be7 8. a3 O-O 9. d3 Re8 10. Be3 Bf8 11. b4 a5 12. Bxb6 cxb6 13. b5 Nd4 14. Nd2 Bg4 15. Re1 Rc8 16. Nc4 Be6 17. e3 Nb3 18. Ra2 Nc5 19. Rd2 1/2-1/2

[Event "GBR-ch110 Over 50"]
[Site "Hull"]
[Date "2024.07.31"]
[Round "3.8"]
[White "Waddington, Mike P"]
[Black "McMichael, Richard J"]
[Result "0-1"]
[WhiteElo "1990"]
[BlackElo "2132"]
[PlyCount "106"]
[EventDate "2024.07.29"]
[EventType "swiss"]
[EventRounds "7"]
[EventCountry "GBR"]
[SourceTitle "BritBase"]
[Source "John Saunders"]
[SourceDate "2025.02.19"]
[SourceVersion "1"]
[SourceVersionDate "2025.02.19"]
[SourceQuality "1"]

1. e4 d6 2. d4 Nf6 3. Nc3 e5 4. Nf3 exd4 5. Nxd4 Be7 6. f3 O-O 7. Be3 a6 8. Qd2 c5 9. Nde2 Be6 10. Nf4 Nc6 11. Be2 b5 12. O-O Re8 13. Rad1 Qc7 14. g4 h6 15. Kh1 Bf8 16. Rg1 b4 17. Ncd5 Bxd5 18. exd5 Ne5 19. Nh5 Nxh5 20. gxh5 Kh8 21. Rg3 Qe7 22. Rdg1 Nc4 23. Bxc4 Qxe3 24. Qxe3 Rxe3 25. Kg2 Re5 26. Rd1 Be7 27. Rg4 Bf6 28. b3 Rxh5 29. Re1 Be5 30. f4 f5 31. fxe5 fxg4 32. exd6 Rd8 33. d7 Rxd7 34. Re8+ Kh7 35. Bd3+ g6 36. Re6 Rhxd5 37. Bxg6+ Kg7 38. Bd3 R7d6 39. Re7+ Kf6 40. Rh7 Kg5 41. Rg7+ Kh4 42. Ra7 h5 43. Ra8 Re5 44. Rc8 Rf6 45. Ra8 Kg5 46. Bxa6 h4 47. Rg8+ Rg6 48. Ra8 h3+ 49. Kg3 Re3+ 50. Kf2 Rf3+ 51. Ke2 Re6+ 52. Kd1 Rxa6 53. Rxa6 g3 0-1

[Event "GBR-ch110 Over 50"]
[Site "Hull"]
[Date "2024.07.31"]
[Round "3.9"]
[White "Kilshaw, Joe"]
[Black "Zeidler, Sven P"]
[Result "0-1"]
[WhiteElo "1937"]
[BlackElo "2116"]
[PlyCount "78"]
[EventDate "2024.07.29"]
[EventType "swiss"]
[EventRounds "7"]
[EventCountry "GBR"]
[SourceTitle "BritBase"]
[Source "John Saunders"]
[SourceDate "2025.02.19"]
[SourceVersion "1"]
[SourceVersionDate "2025.02.19"]
[SourceQuality "1"]

1. e4 Nc6 2. Nc3 Nf6 3. Bc4 e6 4. Bb3 Bb4 5. Nge2 d5 6. exd5 exd5 7. d4 Na5 8. O-O Nxb3 9. axb3 c6 10. Nf4 O-O 11. Nd3 Bd6 12. Bg5 h6 13. Bf4 Bg4 14. Qd2 Bf5 15. Be5 Re8 16. Rfe1 Bxd3 17. Qxd3 Bxe5 18. dxe5 Nd7 19. Qg3 Qg5 20. f4 Qf5 21. Qf2 a6 22. Nd1 g5 23. g3 gxf4 24. gxf4 Kh7 25. Ne3 Qh3 26. Kh1 f6 27. Ng2 fxe5 28. fxe5 Rf8 29. Qe2 Nc5 30. b4 Ne4 31. Ra3 Qf5 32. c4 Qxe5 33. cxd5 cxd5 34. Rf3 Rae8 35. Qf1 Qe7 36. Rc1 Rxf3 37. Qxf3 Rf8 38. Qh5 Qf7 39. Nh4 Qxh5 0-1

[Event "GBR-ch110 Over 50"]
[Site "Hull"]
[Date "2024.07.31"]
[Round "3.10"]
[White "Grillage, Andrew"]
[Black "Henderson, David"]
[Result "0-1"]
[WhiteElo "1930"]
[BlackElo "2057"]
[PlyCount "118"]
[EventDate "2024.07.29"]
[EventType "swiss"]
[EventRounds "7"]
[EventCountry "GBR"]
[SourceTitle "BritBase"]
[Source "John Saunders"]
[SourceDate "2025.02.19"]
[SourceVersion "1"]
[SourceVersionDate "2025.02.19"]
[SourceQuality "1"]

1. d4 d5 2. Nf3 Nf6 3. c4 e6 4. cxd5 exd5 5. Nc3 c6 6. Bg5 Be7 7. Qc2 g6 8. e3 Bf5 9. Bd3 Bxd3 10. Qxd3 O-O 11. O-O Nbd7 12. Qc2 Re8 13. Rab1 a5 14. a3 b5 15. Rfc1 Rc8 16. Ne2 Ne4 17. Bxe7 Qxe7 18. Nf4 Qd6 19. Nd3 c5 20. dxc5 Ndxc5 21. Nxc5 Rxc5 22. Qd1 Rec8 23. Nd4 b4 24. axb4 axb4 25. Nb3 Rc4 26. Na5 R4c7 27. Nb3 Rc4 28. Na5 Rxc1 29. Rxc1 Rxc1 30. Qxc1 Qa6 31. Nb3 Qe2 32. f3 Qf2+ 33. Kh1 Nd6 34. h3 Nc4 35. e4 Ne3 36. Qg1 Qxg1+ 37. Kxg1 dxe4 38. Nd4 exf3 39. gxf3 Kg7 40. b3 Kf6 41. Kf2 Nd5 42. Kg3 Ke5 43. Nc2 f5 44. h4 h6 45. h5 g5 46. Kf2 Nf4 47. Nxb4 Nxh5 48. Nc2 Nf6 49. Kg3 f4+ 50. Kh3 Kd5 51. Kg2 Kc5 52. Kh3 h5 53. Kg2 Nd5 54. Kh3 Ne3 55. Ne1 Kd4 56. Kh2 Nd5 57. Kg2 Nb4 58. Kg1 Ke3 59. Kf1 h4 0-1

[Event "GBR-ch110 Over 50"]
[Site "Hull"]
[Date "2024.07.31"]
[Round "3.11"]
[White "Rich, Ben S"]
[Black "Ciuravin, Andrei"]
[Result "0-1"]
[WhiteElo "1869"]
[BlackElo "2044"]
[PlyCount "134"]
[EventDate "2024.07.29"]
[EventType "swiss"]
[EventRounds "7"]
[EventCountry "GBR"]
[SourceTitle "BritBase"]
[Source "John Saunders"]
[SourceDate "2025.02.19"]
[SourceVersion "1"]
[SourceVersionDate "2025.02.19"]
[SourceQuality "1"]

1. a3 g6 2. c4 Bg7 3. Nf3 d6 4. Nc3 e5 5. d3 Nc6 6. e3 f5 7. Qc2 Nf6 8. b4 O-O 9. Bb2 h6 10. Be2 Be6 11. Rd1 Ne7 12. Nd2 g5 13. Nb3 Qd7 14. e4 Ng6 15. Bc1 Rae8 16. O-O Qf7 17. Nd5 f4 18. Nxf6+ Qxf6 19. Bh5 g4 20. f3 Qg5 21. Bxg4 Bxg4 22. fxg4 Qxg4 23. h3 Qh5 24. Nd2 Kh8 25. Nf3 Bf6 26. Kh1 Rg8 27. Bb2 Rg7 28. Rd2 Reg8 29. Qd1 Nh4 30. Nxh4 Qxh4 31. Rf3 Rg3 32. Qf1 Rxf3 33. gxf3 Rg3 34. Kh2 Qh5 35. Rf2 Bh4 36. a4 Kh7 37. b5 Rxh3+ 38. Qxh3 Bg3+ 39. Kg2 Qxh3+ 40. Kxh3 Bxf2 41. Bc3 Kg6 42. Kg2 Be3 43. Kh3 h5 44. Be1 Bc5 45. Kh4 a6 46. Kh3 c6 47. Kh4 Bb6 48. bxa6 bxa6 49. Kh3 Bd8 50. Bb4 Be7 51. Bc3 Kf7 52. c5 Ke6 53. cxd6 Kxd6 54. Bb4+ c5 55. Ba3 Kc6 56. Bb2 Bf6 57. Bc3 c4 58. dxc4 Kc5 59. Kg2 Kxc4 60. Be1 Kd3 61. Bb4 Ke2 62. Ba5 h4 63. Bc7 h3+ 64. Kxh3 Kxf3 65. Kh2 Kxe4 66. Kg2 Ke3 67. Bb6+ Ke2 0-1

[Event "GBR-ch110 Over 50"]
[Site "Hull"]
[Date "2024.07.31"]
[Round "3.12"]
[White "Mason, Donald J"]
[Black "Baer, Bruce L"]
[Result "1-0"]
[WhiteElo "2003"]
[BlackElo "1926"]
[PlyCount "50"]
[EventDate "2024.07.29"]
[EventType "swiss"]
[EventRounds "7"]
[EventCountry "GBR"]
[SourceTitle "BritBase"]
[Source "John Saunders"]
[SourceDate "2025.02.19"]
[SourceVersion "1"]
[SourceVersionDate "2025.02.19"]
[SourceQuality "1"]

1. e4 g6 2. d4 Bg7 3. Nc3 a6 4. Be3 b5 5. h4 b4 6. Na4 Nf6 7. f3 h5 8. Nh3 d6 9. Ng5 Nc6 10. c4 O-O 11. d5 Ne5 12. Qd2 Bd7 13. b3 Bxa4 14. bxa4 c5 15. Be2 Qd7 16. Qc2 Bh6 17. Bc1 Bg7 18. Bb2 Ne8 19. g4 hxg4 20. f4 Nf3+ 21. Bxf3 gxf3 22. h5 Qg4 23. hxg6 Qg3+ 24. Kf1 Qg2+ 25. Qxg2 Bxb2 1-0

[Event "GBR-ch110 Over 50"]
[Site "Hull"]
[Date "2024.07.31"]
[Round "3.13"]
[White "Watson, Simon"]
[Black "Hasson, Peter"]
[Result "0-1"]
[WhiteElo "1780"]
[BlackElo "1993"]
[PlyCount "98"]
[EventDate "2024.07.29"]
[EventType "swiss"]
[EventRounds "7"]
[EventCountry "GBR"]
[SourceTitle "BritBase"]
[Source "John Saunders"]
[SourceDate "2025.02.19"]
[SourceVersion "1"]
[SourceVersionDate "2025.02.19"]
[SourceQuality "1"]

1. e4 c5 2. Nc3 Nc6 3. g3 g6 4. Bg2 Bg7 5. d3 d6 6. Be3 Rb8 7. Qd2 b5 8. Nd1 b4 9. f4 Qb6 10. Nf3 Nf6 11. O-O Ng4 12. Kh1 Nxe3 13. Nxe3 O-O 14. Nd1 Ba6 15. Re1 c4 16. dxc4 Bxc4 17. Bf1 Bxf1 18. Rxf1 Rfc8 19. a3 a5 20. axb4 axb4 21. Qf2 Qxf2 22. Rxf2 Ra8 23. Rxa8 Rxa8 24. Kg2 Nd4 25. Nxd4 Bxd4 26. Rd2 Bg7 27. c3 bxc3 28. bxc3 Rc8 29. Rc2 f5 30. exf5 gxf5 31. Kf3 Kf7 32. h3 h5 33. g4 hxg4+ 34. hxg4 fxg4+ 35. Kxg4 Rc4 36. Kg3 Bf6 37. Kf3 e6 38. f5 e5 39. Ne3 e4+ 40. Ke2 Rxc3 41. Ra2 Bd4 42. Nd5 Rd3 43. Rc2 Bc5 44. Nc3 Rf3 45. Rc1 Rf2+ 46. Ke1 e3 47. Ne4 Bb4+ 48. Nc3 d5 49. Kd1 Rf1+ 0-1

[Event "GBR-ch110 Over 50"]
[Site "Hull"]
[Date "2024.07.31"]
[Round "3.14"]
[White "Burrows, Martin P"]
[Black "Wilson, Matthew R"]
[Result "1-0"]
[WhiteElo "2010"]
[BlackElo "1832"]
[PlyCount "135"]
[EventDate "2024.07.29"]
[EventType "swiss"]
[EventRounds "7"]
[EventCountry "GBR"]
[SourceTitle "BritBase"]
[Source "John Saunders"]
[SourceDate "2025.02.19"]
[SourceVersion "1"]
[SourceVersionDate "2025.02.19"]
[SourceQuality "1"]

1. e4 e5 2. Nf3 Nf6 3. Nxe5 d6 4. Nf3 Nxe4 5. Nc3 Nxc3 6. dxc3 Be7 7. Bf4 O-O 8. Qd2 Nd7 9. O-O-O Nc5 10. Kb1 Re8 11. Be3 Ne4 12. Qc1 Bd7 13. Bd3 Bc6 14. Nd4 Qd7 15. f3 Nf6 16. Bf5 Qd8 17. g4 Bd7 18. h4 c5 19. Bxd7 Qxd7 20. Nf5 Qc6 21. Bg5 d5 22. h5 Bf8 23. Bxf6 Qxf6 24. Rxd5 Rad8 25. Rxd8 Rxd8 26. Qe3 h6 27. Ng3 Qg5 28. Qxg5 hxg5 29. Ne4 f6 30. c4 Kf7 31. b3 b6 32. Rf1 Rd4 33. c3 Rd7 34. Kc2 g6 35. hxg6+ Kxg6 36. Rh1 Bg7 37. Rd1 Rxd1 38. Kxd1 f5 39. Nd6 fxg4 40. fxg4 Be5 41. Ne4 Bf4 42. Ke2 Kf7 43. b4 cxb4 44. cxb4 a5 45. bxa5 bxa5 46. a4 Ke6 47. Nc5+ Kd6 48. Nd3 Bh2 49. Kf3 Bg1 50. Ke4 Kc6 51. Kf3 Bd4 52. Ke2 Bg1 53. Kd2 Bd4 54. Kc2 Bg1 55. Kc3 Be3 56. Ne1 Bf2 57. Nf3 Be3 58. Nd2 Bf2 59. Kd3 Bg3 60. Nb3 Bc7 61. Ke4 Bb6 62. Ke5 Bc7+ 63. Kd4 Bd8 64. c5 Bf6+ 65. Kc4 Bd8 66. Nd4+ Kd7 67. Kd5 Bc7 68. Ne6 1-0

[Event "GBR-ch110 Over 50"]
[Site "Hull"]
[Date "2024.07.31"]
[Round "3.15"]
[White "Jaszkiwskyj, Peter"]
[Black "Brown, Alan M"]
[Result "1/2-1/2"]
[WhiteElo "1857"]
[BlackElo "1974"]
[PlyCount "30"]
[EventDate "2024.07.29"]
[EventType "swiss"]
[EventRounds "7"]
[EventCountry "GBR"]
[SourceTitle "BritBase"]
[Source "John Saunders"]
[SourceDate "2025.02.19"]
[SourceVersion "1"]
[SourceVersionDate "2025.02.19"]
[SourceQuality "1"]

1. d4 Nf6 2. c4 e6 3. Nc3 d5 4. Bg5 Be7 5. e3 O-O 6. Qc2 b6 7. cxd5 exd5 8. Bd3 Ba6 9. Bxa6 Nxa6 10. Qb3 c6 11. Nf3 Nb8 12. O-O Nbd7 13. Bf4 b5 14. Rfc1 Rc8 15. h3 Re8 1/2-1/2

[Event "GBR-ch110 Over 50"]
[Site "Hull"]
[Date "2024.07.31"]
[Round "3.16"]
[White "Wheeler, Tim"]
[Black "Giulian, Rosemary A"]
[Result "1/2-1/2"]
[WhiteElo "1825"]
[BlackElo "1935"]
[PlyCount "41"]
[EventDate "2024.07.29"]
[EventType "swiss"]
[EventRounds "7"]
[EventCountry "GBR"]
[SourceTitle "BritBase"]
[Source "John Saunders"]
[SourceDate "2025.02.19"]
[SourceVersion "1"]
[SourceVersionDate "2025.02.19"]
[SourceQuality "1"]

1. Nf3 e6 2. d3 d5 3. g3 c5 4. Bg2 Nf6 5. O-O Be7 6. Nbd2 O-O 7. e4 Nc6 8. e5 Ne8 9. c3 b5 10. Nb3 a5 11. Be3 Qb6 12. d4 c4 13. Nc5 Nc7 14. h4 b4 15. Ng5 Na6 16. Nxh7 Kxh7 17. Qh5+ Kg8 18. Be4 dxe4 19. Nxe4 Qc7 20. Nf6+ gxf6 21. Qg4+ 1/2-1/2

[Event "GBR-ch110 Over 50"]
[Site "Hull"]
[Date "2024.07.31"]
[Round "3.17"]
[White "Keely, Leo A"]
[Black "Faulkner, Martin J"]
[Result "0-1"]
[WhiteElo "1923"]
[BlackElo "1803"]
[PlyCount "102"]
[EventDate "2024.07.29"]
[EventType "swiss"]
[EventRounds "7"]
[EventCountry "GBR"]
[SourceTitle "BritBase"]
[Source "John Saunders"]
[SourceDate "2025.02.19"]
[SourceVersion "1"]
[SourceVersionDate "2025.02.19"]
[SourceQuality "1"]

1. e4 e5 2. Nf3 Nf6 3. Nxe5 d6 4. Nf3 Nxe4 5. Nc3 Nxc3 6. dxc3 Be7 7. Be3 O-O 8. Bd3 Nd7 9. Qd2 Ne5 10. Nxe5 dxe5 11. O-O Bd6 12. Bg5 Qd7 13. Be4 h6 14. Be3 Qe7 15. Rad1 Qh4 16. f3 Rd8 17. b3 Qe7 18. Qe2 c6 19. a4 Qc7 20. Qf2 b6 21. Rd2 f5 22. Bd3 f4 23. Bc4+ Kh7 24. Bxf4 exf4 25. b4 Bf5 26. Kh1 Be5 27. Re2 Bxc3 28. g4 fxg3 29. hxg3 Re8 30. g4 Rxe2 31. Qxe2 Bg6 32. Bd3 Qe5 33. Bxg6+ Kxg6 34. Qd3+ Kf6 35. Rd1 Bxb4 36. Qd7 Re8 37. Qxc6+ Re6 38. Qd7 Bd6 39. Qd8+ Kg6 40. Qh4 Kh7 41. Rg1 Bc5 42. Rf1 Qe2 43. Qh3 Qxc2 44. g5 Qe2 45. Rc1 Qe5 46. a5 Rg6 47. axb6 axb6 48. Qf1 Qxg5 49. Rc2 Qe3 50. Rg2 Rxg2 51. Kxg2 Qf2+ 0-1

[Event "GBR-ch110 Over 50"]
[Site "Hull"]
[Date "2024.07.31"]
[Round "3.18"]
[White "Morrison, Munroe L"]
[Black "Vleeshhouwer, Douglas"]
[Result "0-1"]
[WhiteElo "1799"]
[BlackElo "1923"]
[PlyCount "48"]
[EventDate "2024.07.29"]
[EventType "swiss"]
[EventRounds "7"]
[EventCountry "GBR"]
[SourceTitle "BritBase"]
[Source "John Saunders"]
[SourceDate "2025.02.19"]
[SourceVersion "1"]
[SourceVersionDate "2025.02.19"]
[SourceQuality "1"]

1. e4 d6 2. d4 Nf6 3. Nc3 Nbd7 4. Nf3 e5 5. Bc4 Be7 6. O-O O-O 7. a4 a5 8. h3 c6 9. Be3 Nb6 10. Bd3 Nfd7 11. Ne2 Qc7 12. c3 Re8 13. Nd2 d5 14. Ng3 dxe4 15. Ndxe4 Nd5 16. Ng5 Bxg5 17. Bxg5 h6 18. Bxh6 gxh6 19. Qg4+ Kh8 20. Qh5 Qd6 21. Qf5 N7f6 22. Qf3 Nf4 23. Bc2 Qd5 24. Qd1 Qxg2# 0-1

[Event "GBR-ch110 Over 50"]
[Site "Hull"]
[Date "2024.07.31"]
[Round "3.19"]
[White "Strugar, Ioan"]
[Black "Kennedy, Craig"]
[Result "0-1"]
[WhiteElo "1664"]
[BlackElo "1871"]
[PlyCount "54"]
[EventDate "2024.07.29"]
[EventType "swiss"]
[EventRounds "7"]
[EventCountry "GBR"]
[SourceTitle "BritBase"]
[Source "John Saunders"]
[SourceDate "2025.02.19"]
[SourceVersion "1"]
[SourceVersionDate "2025.02.19"]
[SourceQuality "1"]

1. e4 c5 2. b4 cxb4 3. d4 d5 4. exd5 Nf6 5. a3 Nxd5 6. axb4 Nxb4 7. c3 Nd5 8. c4 Nf6 9. Nc3 e6 10. Nf3 Bb4 11. Bd2 O-O 12. Bd3 Nc6 13. Ra4 Be7 14. Be3 Bd7 15. Ra1 Bb4 16. Qc2 Ba5 17. Ng5 e5 18. Bxh7+ Kh8 19. Rxa5 Qxa5 20. Bd2 Nxd4 21. Qd3 Qa1+ 22. Nd1 Ne6 23. h4 Ba4 24. O-O Bxd1 25. Rxd1 Qxd1+ 26. Kh2 Nxg5 27. hxg5 Qh5+ 0-1

[Event "GBR-ch110 Over 50"]
[Site "Hull"]
[Date "2024.07.31"]
[Round "3.21"]
[White "Lynch, Chris"]
[Black "Swiatkowski, Aram"]
[Result "0-1"]
[WhiteElo "1595"]
[BlackElo "1782"]
[PlyCount "96"]
[EventDate "2024.07.29"]
[EventType "swiss"]
[EventRounds "7"]
[EventCountry "GBR"]
[SourceTitle "BritBase"]
[Source "John Saunders"]
[SourceDate "2025.02.19"]
[SourceVersion "1"]
[SourceVersionDate "2025.02.19"]
[SourceQuality "1"]

1. d4 Nf6 2. Bg5 h6 3. Bxf6 exf6 4. c4 Bb4+ 5. Nc3 O-O 6. e3 b6 7. Nf3 Bb7 8. g3 d5 9. cxd5 Qxd5 10. Bg2 Qa5 11. Qc2 Ba6 12. a3 Bxc3+ 13. Qxc3 Qb5 14. O-O-O Nd7 15. Nh4 Rad8 16. Bc6 Qg5 17. f4 Qg4 18. Kb1 g5 19. Rdg1 Qe2 20. Ng2 Bd3+ 21. Ka1 Nb8 22. Re1 Qg4 23. Qxd3 Nxc6 24. Rc1 Qf3 25. Rhg1 Rxd4 26. Qc3 Rd6 27. fxg5 fxg5 28. h4 Na5 29. Rcf1 Qd5 30. Nf4 gxf4 31. gxf4+ Rg6 32. f5 Nb3+ 33. Kb1 Nd2+ 34. Ka1 Nxf1 35. fxg6 Nd2 36. gxf7+ Kxf7 37. Qxc7+ Ke6 38. Rg6+ Kf5 39. Qc2+ Qe4 40. Qxe4+ Kxe4 41. Re6+ Kd3 42. Ka2 h5 43. Rh6 Rf5 44. a4 Kxe3 45. Rh7 a5 46. Ka3 Kf4 47. Rh6 Kg4 48. Rxb6 Nc4+ 0-1

[Event "GBR-ch110 Over 50"]
[Site "Hull"]
[Date "2024.08.01"]
[Round "4.1"]
[White "Dishman, Stephen"]
[Black "Arkell, Keith C"]
[Result "1/2-1/2"]
[WhiteElo "2306"]
[BlackElo "2386"]
[PlyCount "22"]
[EventDate "2024.07.29"]
[EventType "swiss"]
[EventRounds "7"]
[EventCountry "GBR"]
[SourceTitle "BritBase"]
[Source "John Saunders"]
[SourceDate "2025.02.19"]
[SourceVersion "1"]
[SourceVersionDate "2025.02.19"]
[SourceQuality "1"]

1. Nf3 Nf6 2. c4 c6 3. g3 d5 4. Bg2 Bg4 5. Ne5 Bf5 6. cxd5 cxd5 7. Nc3 Nc6 8. Qa4 Bd7 9. Nxd7 Qxd7 10. d4 e6 11. O-O Be7 1/2-1/2

[Event "GBR-ch110 Over 50"]
[Site "Hull"]
[Date "2024.08.01"]
[Round "4.2"]
[White "Farrell, Neil R"]
[Black "Dougherty, Michael"]
[Result "1-0"]
[WhiteElo "2099"]
[BlackElo "2112"]
[PlyCount "95"]
[EventDate "2024.07.29"]
[EventType "swiss"]
[EventRounds "7"]
[EventCountry "GBR"]
[SourceTitle "BritBase"]
[Source "John Saunders"]
[SourceDate "2025.02.19"]
[SourceVersion "1"]
[SourceVersionDate "2025.02.19"]
[SourceQuality "1"]

1. d4 g6 2. c4 Bg7 3. e4 d6 4. Nc3 e5 5. Nf3 exd4 6. Nxd4 Nf6 7. Be2 O-O 8. O-O Re8 9. f3 Nc6 10. Nc2 Nd7 11. Be3 Nc5 12. Qd2 f5 13. Bg5 Bxc3 14. bxc3 Qd7 15. Ne3 Qf7 16. Nd5 Re5 17. Bf6 Re8 18. Bd4 Ne5 19. Qg5 Rf8 20. exf5 Bxf5 21. Ne7+ Kh8 22. Nxf5 Ne6 23. Nxd6 cxd6 24. Bxe5+ dxe5 25. Qxe5+ Ng7 26. Qd5 Qc7 27. Rab1 b6 28. Rfd1 Rae8 29. Bf1 Nf5 30. c5 Re5 31. cxb6 axb6 32. Qd2 Qc5+ 33. Qf2 Re3 34. c4 Nd4 35. Qb2 Rd8 36. Kh1 Rd6 37. Rd2 Kg8 38. Rbd1 Nf5 39. Rxd6 Nxd6 40. Qd4 Nf5 41. Qxc5 bxc5 42. Kg1 Rc3 43. Rd3 Rc2 44. Rd8+ Kg7 45. Bd3 Rxa2 46. Bxf5 gxf5 47. Rd5 f4 48. h4 1-0

[Event "GBR-ch110 Over 50"]
[Site "Hull"]
[Date "2024.08.01"]
[Round "4.3"]
[White "Henderson, David"]
[Black "Burnett, Andrew"]
[Result "0-1"]
[WhiteElo "2057"]
[BlackElo "2174"]
[PlyCount "36"]
[EventDate "2024.07.29"]
[EventType "swiss"]
[EventRounds "7"]
[EventCountry "GBR"]
[SourceTitle "BritBase"]
[Source "John Saunders"]
[SourceDate "2025.02.19"]
[SourceVersion "1"]
[SourceVersionDate "2025.02.19"]
[SourceQuality "1"]

1. e4 c5 2. c3 d5 3. exd5 Qxd5 4. d4 Nc6 5. Nf3 Bf5 6. Be3 cxd4 7. Nxd4 Nxd4 8. cxd4 Bxb1 9. Rxb1 e6 10. Qa4+ Kd8 11. Bb5 Qxg2 12. Ke2 Ne7 13. d5 Nxd5 14. Rbd1 Bd6 15. Rhg1 Qxh2 16. Rxd5 exd5 17. Qg4 Ke7 18. Qxg7 Qe5 0-1

[Event "GBR-ch110 Over 50"]
[Site "Hull"]
[Date "2024.08.01"]
[Round "4.4"]
[White "Brett, Andrew R"]
[Black "Okike, David C"]
[Result "1-0"]
[WhiteElo "2052"]
[BlackElo "2157"]
[PlyCount "95"]
[EventDate "2024.07.29"]
[EventType "swiss"]
[EventRounds "7"]
[EventCountry "GBR"]
[SourceTitle "BritBase"]
[Source "John Saunders"]
[SourceDate "2025.02.19"]
[SourceVersion "1"]
[SourceVersionDate "2025.02.19"]
[SourceQuality "1"]

1. d4 Nf6 2. c4 e6 3. Nf3 Bb4+ 4. Bd2 Qe7 5. e3 Nc6 6. Qc2 Bxd2+ 7. Nbxd2 d6 8. a3 a5 9. Bd3 Bd7 10. O-O O-O 11. d5 Ne5 12. Nxe5 dxe5 13. e4 c6 14. dxc6 Bxc6 15. Qc3 Qc7 16. b4 Rfc8 17. c5 Be8 18. Nc4 axb4 19. axb4 Nd7 20. Rxa8 Rxa8 21. Rc1 f6 22. Nd6 Nf8 23. h3 Bd7 24. Nc4 Rd8 25. Nb6 Bc6 26. b5 Be8 27. Bf1 Rd4 28. Qa1 Bg6 29. f3 f5 30. Na8 Qe7 31. c6 fxe4 32. c7 exf3 33. c8=Q fxg2 34. Bxg2 Qg5 35. Qa3 Rf4 36. Kh2 e4 37. Qg3 Qf6 38. Qc4 Bf7 39. Qe2 Bg6 40. Nb6 h5 41. Rf1 Rf5 42. Rxf5 exf5 43. Nd5 Qd8 44. Qe5 Qd7 45. b6 Kh7 46. Qf2 Qf7 47. Nf4 Nd7 48. Qe6 1-0

[Event "GBR-ch110 Over 50"]
[Site "Hull"]
[Date "2024.08.01"]
[Round "4.5"]
[White "Ciuravin, Andrei"]
[Black "Townsend, M Paul"]
[Result "1/2-1/2"]
[WhiteElo "2044"]
[BlackElo "2146"]
[PlyCount "57"]
[EventDate "2024.07.29"]
[EventType "swiss"]
[EventRounds "7"]
[EventCountry "GBR"]
[SourceTitle "BritBase"]
[Source "John Saunders"]
[SourceDate "2025.02.19"]
[SourceVersion "1"]
[SourceVersionDate "2025.02.19"]
[SourceQuality "1"]

1. d4 d5 2. Nf3 e6 3. e3 Nf6 4. Bd3 c5 5. b3 b6 6. O-O Bb7 7. Nbd2 Nc6 8. Bb2 Bd6 9. Ne5 O-O 10. a3 Rc8 11. Qf3 Ne7 12. Qh3 Ng6 13. Rad1 cxd4 14. exd4 Nf4 15. Qe3 Nxd3 16. Qxd3 Qc7 17. Rc1 Ne4 18. Nxe4 dxe4 19. Qh3 Bxe5 20. dxe5 Rfd8 21. Qe3 Qd7 22. Bc3 Rc5 23. Ba1 Qc6 24. Rcd1 Rcd5 25. Rxd5 Qxd5 26. Bc3 Rc8 27. Rc1 Rd8 28. h3 h6 29. Re1 1/2-1/2

[Event "GBR-ch110 Over 50"]
[Site "Hull"]
[Date "2024.08.01"]
[Round "4.6"]
[White "McMichael, Richard J"]
[Black "Burrows, Martin P"]
[Result "1/2-1/2"]
[WhiteElo "2132"]
[BlackElo "2010"]
[PlyCount "90"]
[EventDate "2024.07.29"]
[EventType "swiss"]
[EventRounds "7"]
[EventCountry "GBR"]
[SourceTitle "BritBase"]
[Source "John Saunders"]
[SourceDate "2025.02.19"]
[SourceVersion "1"]
[SourceVersionDate "2025.02.19"]
[SourceQuality "1"]

1. Nf3 Nf6 2. b3 d6 3. Bb2 e5 4. e3 g6 5. d4 e4 6. Nfd2 d5 7. c4 c6 8. Nc3 Be7 9. Be2 O-O 10. h3 a6 11. Qc2 b5 12. g4 bxc4 13. bxc4 Be6 14. O-O-O Ne8 15. Na4 Nd7 16. Nb3 a5 17. Kb1 Nc7 18. Nbc5 Nxc5 19. Nxc5 Bc8 20. Ka1 Ne6 21. f3 exf3 22. Bxf3 Rb8 23. Bc3 Nxc5 24. dxc5 Qc7 25. h4 Qg3 26. Rdf1 Be6 27. h5 g5 28. h6 Bxc5 29. cxd5 cxd5 30. Qd3 Rb7 31. Rh5 f6 32. Bxd5 Qd6 33. e4 Bxd5 34. exd5 Rd7 35. Rf5 Qe7 36. Rh1 Rd6 37. Re1 Qf7 38. Ref1 Qg6 39. Qc4 Bb4 40. Bxb4 axb4 41. Qxb4 Rfd8 42. Rh1 Qf7 43. Rd1 Qg6 44. Rh1 Qf7 45. Rd1 Qg6 1/2-1/2